Welcome to CU Library Online Public Access Catalogue (OPAC)

Soils and foundations / (Record no. 8383)

MARC details
000 -LEADER
fixed length control field 00749cam a2200241 a 4500
001 - CONTROL NUMBER
control field 13234135
005 - DATE AND TIME OF LATEST TRANSACTION
control field 20251124212146.0
008 - FIXED-LENGTH DATA ELEMENTS--GENERAL INFORMATION
fixed length control field 030611s2004 njua b 001 0 eng
020 ## - INTERNATIONAL STANDARD BOOK NUMBER
International Standard Book Number 0130482196
020 ## - INTERNATIONAL STANDARD BOOK NUMBER
International Standard Book Number 9780130482198
050 00 - LIBRARY OF CONGRESS CALL NUMBER
Classification number TA710
Item number .L545 2004
082 00 - DEWEY DECIMAL CLASSIFICATION NUMBER
Classification number 624.1/5136
Edition information 21
100 1# - MAIN ENTRY--PERSONAL NAME
Personal name Liu, Cheng,
Dates associated with a name 1937-
245 10 - TITLE STATEMENT
Title Soils and foundations /
Statement of responsibility, etc. Cheng Liu, Jack B. Evett.
250 ## - EDITION STATEMENT
Edition statement 6th ed.
260 ## - PUBLICATION, DISTRIBUTION, ETC.
Place of publication, distribution, etc. Upper Saddle River, N.J. :
Name of publisher, distributor, etc. Pearson Prentice Hall,
Date of publication, distribution, etc. c2004.
300 ## - PHYSICAL DESCRIPTION
Extent x, 486 p. :
Other physical details ill. ;
Dimensions 24 cm.
650 #0 - SUBJECT ADDED ENTRY--TOPICAL TERM
Topical term or geographic name entry element Soil mechanics.
650 #0 - SUBJECT ADDED ENTRY--TOPICAL TERM
Topical term or geographic name entry element Foundations.
700 1# - ADDED ENTRY--PERSONAL NAME
Personal name Evett, Jack B.,
Dates associated with a name 1942-
856 41 - ELECTRONIC LOCATION AND ACCESS
Materials specified Table of contents
Uniform Resource Identifier <a href="http://www.loc.gov/catdir/toc/ecip045/2003013177.html">http://www.loc.gov/catdir/toc/ecip045/2003013177.html</a>
942 ## - ADDED ENTRY ELEMENTS (KOHA)
Source of classification or shelving scheme Library of Congress Classification
Koha item type Books
Edition 6th ed.
Suppress in OPAC No
999 ## -
-- 8383
-- 8383
Holdings
Withdrawn status Lost status Source of classification or shelving scheme Damaged status Not for loan Collection Home library Current library Shelving location Date acquired Total checkouts Full call number Barcode Date last seen Copy number Price effective from Koha item type
    Library of Congress Classification     Non-fiction Science Library (Miotso) Science Library (Miotso) General stacks 11/24/2025   TA710 .L545 LIU SLM00006206 11/24/2025 1 11/24/2025 Books
© 2023-2024 Copyright: Central University Libraries. All Rights Reserved | Created by: Mahone Tech Office